000 00643nam a2200217Ia 4500
005 20170111143112.0
008 140110s9999 xx 000 0 und d
020 _a9780007843978
_c4500.00
040 _aLoreto College
041 _aEnglish
082 _a909
_bOVE
245 _aComplete history of the world
_cEdited by Geoffrey Barraclough, Richard Overy
260 _aNoida
_bHarperCollins India
_c2009
300 _a415p.
_b Includes chart ,map, Graph .
504 _aIncludes index, glossary
650 _aWorld History
700 _aBarraclough Geoffrey.,ed.
700 _aOvery, Richard
_4ed.
850 _aLCBED
942 _cBK
999 _c40808
_d91287